| 000 | 00580nam a22001817a 4500 | ||
|---|---|---|---|
| 005 | 20251108173528.0 | ||
| 008 | 250721s9999 xx 000 0 ara d | ||
| 082 | 1 | 4 | _a212/ نوف |
| 100 | 1 |
_aنوفل، أحمد _eمؤلف |
|
| 245 | 1 | 0 | _aقراءة في آية (ما ننسخ من آية أو ننسها نأت بخير منها أو مثلها..) / |
| 264 | 1 |
_aعمان : _bدارالقطوف، _c{20-}. |
|
| 300 | _a154ص. | ||
| 650 | 1 | 7 | _aالقرآن الكريم |
| 650 | 1 | 7 | _aالآيات |
| 650 | 1 | 7 | _aتفسير القرآن |
| 942 |
_2ddc _cBK |
||
| 999 |
_c106049 _d106049 |
||